000 00457nam a2200181Ia 4500
005 20240913125837.0
008 240913s9999||||xx |||||||||||||| ||und||
041 _aENGLISH
082 _A614.44 Q5
100 _aPark K
245 0 _aPreventive and Social Medicine
250 _a23rd
260 _c2015
_bBanarsidas Bhanot Publi
500 _aREFERENCE
650 _aRenal Dialysis Technology
_bAllied Health Science
942 _cREF
999 _c246389
_d246389